General organic and biochemistry (Record no. 221830)
[ view plain ]
| 000 -LEADER | |
|---|---|
| fixed length control field | 01122nam a22002057a 4500 |
| 005 - DATE AND TIME OF LATEST TRANSACTION | |
| control field | 20220411162402.0 |
| 008 - FIXED-LENGTH DATA ELEMENTS--GENERAL INFORMATION | |
| fixed length control field | 220311b ||||| |||| 00| 0 eng d |
| 020 ## - INTERNATIONAL STANDARD BOOK NUMBER | |
| International Standard Book Number | 9780840068286 |
| 040 ## - CATALOGING SOURCE | |
| Transcribing agency | AL |
| 041 ## - LANGUAGE CODE | |
| Language code of text/sound track or separate title | eng |
| 082 ## - DEWEY DECIMAL CLASSIFICATION NUMBER | |
| Edition number | 23 |
| Classification number | 540.2461 |
| Item number | ARMG |
| 100 ## - MAIN ENTRY--PERSONAL NAME | |
| Personal name | James Armstrong |
| 9 (RLIN) | 23403 |
| 245 ## - TITLE STATEMENT | |
| Title | General organic and biochemistry |
| Remainder of title | an applied approach |
| 260 ## - PUBLICATION, DISTRIBUTION, ETC. | |
| Place of publication, distribution, etc. | Australia |
| Name of publisher, distributor, etc. | Brooks/cole |
| Date of publication, distribution, etc. | 2012 |
| 300 ## - PHYSICAL DESCRIPTION | |
| Extent | xix,721p. |
| Other physical details | PB |
| Dimensions | 27.5x21.5cm. |
| 365 ## - TRADE PRICE | |
| Source of price type code | General |
| Price type code | VBI-1345 |
| Price amount | ₹4121.25 |
| Currency code | ₹ |
| Unit of pricing | ₹5495.00 |
| Price note | 25% |
| Price effective from | 21/02/2022 |
| 520 ## - SUMMARY, ETC. | |
| Summary, etc. | Focused, easy-to-understand, and packed with applications to medicine and health, this book is designed throughout to help you develop the problem-solving skills and understanding of health-related chemistry you'll need in your future career. The author takes an engaging problem-solving approach, illustrating key points through worked examples and walking you through each step in the problem-solving process. In addition, the book's end-of-chapter material serves as built-in study guide to help you review for quizzes and tests.<br/> |
| 650 ## - SUBJECT ADDED ENTRY--TOPICAL TERM | |
| Source of heading or term | Chemistry |
| 942 ## - ADDED ENTRY ELEMENTS (KOHA) | |
| Source of classification or shelving scheme | Dewey Decimal Classification |
| Koha item type | Book |
| Withdrawn status | Lost status | Source of classification or shelving scheme | Damaged status | Not for loan | Collection code | Home library | Current library | Date acquired | Source of acquisition | Cost, normal purchase price | Total Checkouts | Full call number | Barcode | Date last seen | Cost, replacement price | Price effective from | Koha item type |
|---|---|---|---|---|---|---|---|---|---|---|---|---|---|---|---|---|---|
| Dewey Decimal Classification | General Chemistry | St Aloysius PG Library | St Aloysius PG Library | 03/09/2022 | Vidyarthi Books | 4121.25 | 540.2461 ARMG | PG023751 | 08/24/2022 | 5495.00 | 02/21/2022 | Book |